00473nam a2200181 a 4500001001300000003000900013005001700022008004100039020000800080082001500088100002000103245003200123260004500155300000800200500003500208505002800243700002000271nice12345678IN_TiNIC20260116015220.0050524s1999 akra grp 000 0 eng  ac000a305.4bSIM aSimpson Debra,  aTo Call New World Yet to Be aAkronbMannonite Central Committeec1999 a58p aincludes index and biblioraphy2 adialogue Nov, 1-7,1991.1 aSimpson Debra,